| 000 | 02445nam a2200601 i 4500 | ||
|---|---|---|---|
| 001 | 991053088373605066 | ||
| 003 | NyNyJPI | ||
| 005 | 20260410170758.0 | ||
| 008 | 231103s2023 pl acho |001 0bpol c | ||
| 009 | b1000003041872 | ||
| 015 | _aUWD 2023/35605 | ||
| 020 |
_a9788382298062 _q(oprawa twarda ; _qIPN) : _czł 60 |
||
| 035 | _a(PL)b1000003041872 | ||
| 035 | _a(EXLNZ-48OMNIS_NETWORK)9913334057305606 | ||
| 040 |
_aWA N _cWA N _dWA N _dKR U _dLUBL KUL _dWA N _dWA M _dLUBL M _dKOSZ W |
||
| 045 | 2 |
_bd1915 _bd1944 |
|
| 046 | _k2023 | ||
| 080 |
_81.1\x _a94(438).078 |
||
| 080 |
_81.2\x _a94(438).081 |
||
| 080 |
_81.3\x _a329.17(438) |
||
| 080 |
_81.4\x _a929-052(438)"19" |
||
| 084 | _a01 | ||
| 100 | 1 |
_aMuszyński, Wojciech Jerzy _d(1972- ) _eAutor |
|
| 245 | 1 | 0 |
_aBolesław Piasecki : _bpoczątki drogi (1915-1944) / _cWojciech Jerzy Muszyński ; Instytut Pamięci Narodowej Komisja Ścigania Zbrodni Przeciwko Narodowi Polskiemu. Oddział w Warszawie, Instytut Dziedzictwa Myśli Narodowej im. Romana Dmowskiego i Ignacego Paderewskiego. |
| 260 |
_aWarszawa : _bInstytut Dziedzictwa Myśli Narodowej im. Romana Dmowskiego i Ignacego Paderewskiego : _bInstytut Pamięci Narodowej, _c2023. |
||
| 300 |
_a680 stron, [24] strony tablic : _bfaksymilia, fotografie, ilustracje, portrety ; _c25 cm. |
||
| 336 |
_aTekst _btxt _2rdacontent |
||
| 337 |
_aBez urządzenia pośredniczącego _bn _2rdamedia |
||
| 338 |
_aWolumin _bnc _2rdacarrier |
||
| 380 | _aKsiążki | ||
| 380 | _aPublikacje naukowe | ||
| 388 | 1 | _a2001- | |
| 504 | _aBibliografia, netografia na stronach 647-664. Indeks. | ||
| 600 | 1 | 7 |
_aPiasecki, Bolesław _d(1915-1979) _2DBN |
| 600 | 1 | 0 |
_aPiasecki, Bolesław, _d1915-1979. |
| 610 | 2 | 7 |
_aObóz Narodowo-Radykalny _2DBN |
| 610 | 2 | 7 |
_aStowarzyszenie "PAX" _2DBN |
| 648 | 7 |
_a1901-2000 _2DBN |
|
| 648 | 7 |
_a1914-1918 _2DBN |
|
| 648 | 7 |
_a1918-1939 _2DBN |
|
| 648 | 7 |
_a1939-1945 _2DBN |
|
| 650 | 7 |
_aOrganizacje _2DBN |
|
| 650 | 7 |
_aPolitycy _2DBN |
|
| 650 | 7 |
_aŚwiatopogląd _2DBN |
|
| 650 | 0 |
_aPoliticians _zPoland _vBiography |
|
| 651 | 7 |
_aPolska _2DBN |
|
| 655 | 7 |
_aBiografia _2DBN |
|
| 658 | _aHistoria | ||
| 658 | _aPolityka, politologia, administracja publiczna | ||
| 710 | 2 |
_aInstytut Dziedzictwa Myśli Narodowej im. Romana Dmowskiego i Ignacego Jana Paderewskiego _eInstytucja sprawcza _eWydawca _4pbl |
|
| 710 | 2 |
_aInstytut Pamięci Narodowej _eInstytucja sprawcza _eWydawca _4pbl |
|
| 942 |
_2z _cBK _n0 |
||
| 999 |
_c91095 _d91095 |
||